1037 1561 1436 1644 1280 1629 1281 1122 1683 1924 1732 1551 1719 1754 1528 1723 1155 1384 1717 1596 1520 1004 1033 1844 1397 1614 1830 1418 1562 1399 1990 1656 1406 1736 1066 1120 1556 1387 1252 1305 1997 1778 1084 1374 1367 1736 1896 1502 1430 1424 1568 1083 1670 1714 1700 1571 1939 1523 1546 1668 1670 1270 1795 1867 1008 1723 1836 1701 1275 1427 1433 1672 1348 1394 1092 1807 1466 1327 1849 1486 1485 1435 1014 1825 1550 1265 1250 1355 1132 1492 1811 1987 1375 1538 1508 1082 1233 1312 1653 BCNSPRNW ULIB Ver.6.0+V

เปลี่ยนเป็นภาษาไทย

Change to English
 แสดงรายละเอียดบรรณานุกรม
  กลับหน้าหลัก

Brief Record : Get Marc (ISO 2709) : E-mail record : QR code < ปิดหน้าต่าง
LEADER : 00000nam 2200000uu 4500
001    13399110412
003     ULIB
008    110520s2004||||th 000 0 eng d
020    978032302002
060 04 WE168^bF981 2004
245 00 Fundamental orthopedic management for the physicaltherapist assistant / ^cGary A. Shankman, Robert C. Manske
250    2nd ed.
260    St. Louis, Mo. :^bElsevier/Mosby,^cc2004
300    xiv, 541 p. :^bill. ;^c28 cm.
504    Includes bibliographical references and index.
650  2 Orthopedic Procedures
650  2 Allied Health Personnel
650  2 Physical Therapy Modalities
700 1  Shankman, Gary A.
700 1  Manske, Robert C.
945    ^p2680^l0^i030087
995    Kesorn
999 ^a ใช้งานได้ทุกระบบ
รายการนี้ยังไม่มีแท็ก
คุณยังไม่ได้ล็อกอิน คุณสามารถมีกิจกรรมร่วมกับเว็บไซต์ได้ แต่ต้องล็อกอินก่อน ::
  ล็อกอิน

รายการสื่อสารสนเทศ

ลำดับที่ ประเภท เลขเรียก/บาร์โค้ด สถานที่ สถานะ
- ไม่พบข้อมูล -

รายการใกล้เคียง
    หัวเรื่อง [Orthopedic Procedures]
    หัวเรื่อง [Allied Health Personnel]
    หัวเรื่อง [Physical Therapy Modalities]

BibComment


ยังไม่เคยถูกคอมเมนท์

คอมเมนท์ทรัพยากรรายการนี้
  คอมเมนท์: Fundamental ortho..


 Copyright 2026. Bcnsprnw @Library